El alférez real (Registro nro. 5701)

Detalles MARC
000 -CABECERA
Longitud fija campo de control 01706nam a2200313Ia 4500
005 - • FECHA Y HORA DE LA ÚLTIMA TRANSACCIÓN
Fecha y hora de la última transacción 20220317001025.0
008 - • CÓDIGOS DE INFORMACIÓN DE LONGITUD FIJA
Códigos de información de longitud fija 160825s2008 ck a g 000 0 spa
020 ## - • NÚMERO INTERNACIONAL NORMALIZADO PARA LIBROS
Número Internacional Normalizado para Libros (ISBN) 97895830025012
040 ## - FUENTE DE LA CATALOGACIÓN
Centro catalogador de origen CO-BoRNBP
Lengua de catalogación spa
Normas de descripción rda
Centro transcriptor CO-BoRNBP
084 ## - • Clasificación Local Alfanúmerica PNLB
Número de clasificación N PAL1
100 1# - • PUNTO DE ACCESO PRINCIPAL-NOMBRE DE PERSONA
Nombre de persona Palacios, Eustaquio
Fechas asociadas al nombre 1830-1898
245 13 - • TITULO PROPIAMENTE DICHO
Título El alférez real
Resto del título novela (crónicas de Cali en el siglo pasado)
Mención de responsabilidad, etc. Eustaquio Palacios ; ilustraciones Jairo Linares Landinez
250 ## - • MENCIÓN DE EDICIÓN
Mención de edición 1a. edición
Resto de la mención de edición 7a. reimpresión
264 ## - PRODUCCIÓN, PUBLICACIÓN , DISTRIBUCIÓN, FABRICACIÓN Y COPYRIGHT
Lugar de producción, publicación, distribución, fabricación Bogotá
Nombre del productor, editor, distribuidor, fabricante Panamericana
Fecha de de producción, publicación, distribución, fabricación o copyright 2008
300 ## - • DESCRIPCIÓN FÍSICA
Extensión xviii, 299 páginas
Otras características físicas ilustraciones en blanco y negro
Dimensiones 21 cm
336 ## - TIPO DE CONTENIDO
Término de tipo de contenido texto
Código de tipo de contenido txt
Fuente rdacontent
337 ## - TIPO DE MEDIO
Nombre del tipo de medio sin mediación
Código del tipo de medio n
Fuente rdamedia
338 ## - TIPO DE SOPORTE
Nombre del tipo de soporte volumen
Código del tipo de soporte nc
Fuente rdacarrier
490 ## - • MENCIÓN DE SERIE
Mención de serie Letras latinoamericanas
500 ## - • NOTA GENERAL
Nota general Incluye datos biográficos
520 ## - • NOTA DE RESUMEN
Resumen, etc, fuente insustituible para conocer la historia de Cali y de quienes la forjaron. Para reconstruir el contexto social e histórico en el que se desenvuelve el idilio que sustenta la trama de la novela, Palacios esculcó con paciencia de historiador los archivos de la ciudad. El idilio entre doña Inés de Lara y Portocarrero y Daniel, el humilde escribano del Alférez Real, don Manuel de Caicedo, tiene lugar en las postrimerías de la Cali colonial (1775), con sus haciendas alrededor, sus calles, iglesias, casonas y plazas, sus gentes y sus costumbres como gran telón de fondo
521 ## - • NOTA DE PÚBLICO DESTINATARIO
Nota público destinatario (R ) Recomendado para adultos
650 14 - • PUNTO DE ACCESO ADICIONAL DE MATERIA - TÉRMINO DE MATERIA
Fuente del encabezamiento o término LEMB
Término de materia o nombre geográfico como elemento inicial Novela colombiana
Subdivisión cronológica Siglo XIX
650 14 - • PUNTO DE ACCESO ADICIONAL DE MATERIA - TÉRMINO DE MATERIA
Fuente del encabezamiento o término LEMB
Término de materia o nombre geográfico como elemento inicial Literatura colombiana
Subdivisión cronológica Siglo XIX
650 14 - • PUNTO DE ACCESO ADICIONAL DE MATERIA - TÉRMINO DE MATERIA
Fuente del encabezamiento o término LEMB
Término de materia o nombre geográfico como elemento inicial Novela histórica
650 14 - • PUNTO DE ACCESO ADICIONAL DE MATERIA - TÉRMINO DE MATERIA
Fuente del encabezamiento o término LEMB
Término de materia o nombre geográfico como elemento inicial Amor en la literatura
700 1# - • PUNTO DE ACCESO ADICIONAL - NOMBRE DE PERSONA
Nombre de persona Linarez Landínez, Jairo
942 ## - ENTRADA DE ELEMENTOS AGREGADOS (KOHA)
Fuente de clasificaión o esquema
Koha [por defecto] tipo de item Libro Literatura

No hay ítems disponibles.










Instituto Departamental de Cultura del Meta - Red Departamental de Bibliotecas Públicas del Meta.